Welcome to CU Library Online Public Access Catalogue (OPAC)

Fundamentals of Town Planning/ (Record no. 9022)

MARC details
000 -LEADER
fixed length control field 00383nam a22001337a 4500
005 - DATE AND TIME OF LATEST TRANSACTION
control field 20260313144700.0
008 - FIXED-LENGTH DATA ELEMENTS--GENERAL INFORMATION
fixed length control field 260313b |||||||| |||| 00| 0 eng d
050 ## - LIBRARY OF CONGRESS CALL NUMBER
Classification number HT165.5 HIR
100 ## - MAIN ENTRY--PERSONAL NAME
Personal name Hiraskar G. K
245 ## - TITLE STATEMENT
Title Fundamentals of Town Planning/
Statement of responsibility, etc. G K. Hiraskar
250 ## - EDITION STATEMENT
Edition statement 2nd Rev. Ed.
260 ## - PUBLICATION, DISTRIBUTION, ETC.
Place of publication, distribution, etc. New Delhi
Name of publisher, distributor, etc. Dhanpat Rai Publications
Date of publication, distribution, etc. 1993
942 ## - ADDED ENTRY ELEMENTS (KOHA)
Source of classification or shelving scheme Library of Congress Classification
Koha item type Books
Edition 2nd Rev. Ed.
Suppress in OPAC No
999 ## -
-- 9022
-- 9022
Holdings
Withdrawn status Lost status Source of classification or shelving scheme Damaged status Not for loan Collection Home library Current library Shelving location Date acquired Total checkouts Full call number Barcode Date last seen Copy number Price effective from Koha item type
    Library of Congress Classification     Non-fiction Business Library (Miotso) Business Library (Miotso) General stacks 03/11/2026   HT165.5 HIR BSSM00002739 03/13/2026 1 03/11/2026 Books
© 2023-2024 Copyright: Central University Libraries. All Rights Reserved | Created by: Mahone Tech Office